| 000 -ლიდერი |
| ფიქსირებული სიგრძის საკონტროლო ველი |
01151nam a2200229Ia 4500 |
| 001 - საკონტროლო ნომერი |
| საკონტროლო ველი |
22844 |
| 003 - საკონტროლო ნომრის იდენტიფიკატორი |
| საკონტროლო ველი |
GE_BSU |
| 005 - ბოლო ოპერაციის თარიღი და დრო |
| საკონტროლო ველი |
20230525155404.0 |
| 008 - ფიქსირებული სიგრძის მონაცემთა ელემენტები - ზოგადი ინფორმაცია |
| ფიქსირებული სიგრძის საკონტროლო ველი |
181216s ||||ge |||||||||||||| ||geo|| |
| 020 ## - წიგნის საერთაშორისო სტანდარტული ნომერი |
| International Standard Book Number |
978-9941-9115-1-4 |
| 040 ## - კატალოგიზაციის წყარო |
| Transcribing agency |
GE_BSU |
| 041 ## - ენის კოდი |
| Language code of text/sound track or separate title |
geo |
| 080 ## - უნივერსალური ათობითი კლასიფიკაციის ინდექსი |
| Universal Decimal Classification number |
821.112.2(436).-1 მ-46 |
| 245 ## - ცნობა სათაურის შესახებ |
| Title |
მე-20 საუკუნის ავსტრიული ლირიკა = Osterreichische Lyrik des 20. Jahrhunderts : |
| Remainder of title |
მასალები ტ. 12 ინგებორგ ბახმანი / |
| Statement of responsibility, etc |
იდეის ავტ. და ხელმძღვ. დათო ბარბაქაძე ; მთარგმნ. : ბესიკ ადეიშვილი და სხვა. |
| 264 ## - წარმოების, გამოცემის, დისტრიბუციის და სხვა ცნობები |
| გამოცემის, წარმოების, დისტრიბუციის... ადგილი |
თბილისი : |
| გამოცემის, წარმოების, დისტრიბუციის... სახელწოდება |
პოლილოგი, |
| გამოცემის, წარმოების, დისტრიბუციის... თარიღი |
2010. |
| 300 ## - ფიზიკური აღწერა |
| Extent |
434 გვ. ; |
| Dimensions |
20 სმ. |
| 653 ## - INDEX TERM--UNCONTROLLED |
| Uncontrolled term |
ინგებორგ ბახმანი |
| 653 ## - INDEX TERM--UNCONTROLLED |
| Uncontrolled term |
მე-20 საუკუნის ავსტრიული ლირიკა ტ. 12 |
| 653 ## - INDEX TERM--UNCONTROLLED |
| Uncontrolled term |
მეოცე საუკუნის ავსტრიული ლირიკა |
| 942 ## - ADDED ENTRY ELEMENTS (KOHA) |
| Koha item type |
წიგნი |
| Source of classification or shelving scheme |
|